000 00377nam a2200145Ia 4500
008 230627s9999 xx 000 0 und d
020 _a81-87141-08-5
041 _aeng
082 _a345.05
_bSAR
100 _aSarkar S. C
245 _aLaw Of Criminal Procedure Code
250 _a7ed.
260 _aNew Delhi
_bIndia Law House
_c1996
700 _a Sarkar P. C.,Bakshi P. M.
999 _c702702
_d702702